Zákony VI/2008 životné prostredie

Guardado en:
Detalles Bibliográficos
Formato: Libro
Lenguaje:eslovaco
Publicado: Žilina Poradca 2008
Materias:
Etiquetas: Agregar Etiqueta
Sin Etiquetas, Sea el primero en etiquetar este registro!

MARC

LEADER 00000nam$a2200000$$$4500
001 0070460
005 20240318121011.9
022 |a 1335-1583 
041 0 |a slo 
044 |a SK 
245 1 0 |a Zákony VI/2008  |b životné prostredie 
264 1 |a Žilina  |b Poradca  |c 2008 
300 |a 624 s. 
610 2 0 |a predpisy právne 
610 2 0 |a legislatíva 
610 2 0 |a prostredie životné 
610 2 0 |a vzduch 
610 2 0 |a voda 
610 2 0 |a lesy 
610 2 0 |a odpad 
610 2 0 |a obaly 
610 2 0 |a Slovensko 
610 2 0 |a 2008